Modelado Hidráulico y Propuesta de Mejoras del Sistema de Alcantarillado Sanitario de la Ciudad de Alajuela
Gardado en:
| Autor Principal: | |
|---|---|
| Outros autores: | |
| Formato: | Libro |
| Idioma: | Spanish |
| Publicado: |
[San José, Costa Rica],
2019.
|
| Materias: | |
| Etiquetas: |
Engadir etiqueta
Sen Etiquetas, Sexa o primeiro en etiquetar este rexistro!
|
MARC
| LEADER | 00000nam a22000007a 4500 | ||
|---|---|---|---|
| 003 | 013071 | ||
| 005 | 20230426151834.0 | ||
| 008 | 190711b2019 cr a|||| |m|| 00| ||spa d | ||
| 040 | |c cru CEDI | ||
| 100 | |9 437 |a Rodríguez Cruz, Alejandro, 1992- | ||
| 245 | |a Modelado Hidráulico y Propuesta de Mejoras del Sistema de Alcantarillado Sanitario de la Ciudad de Alajuela | ||
| 260 | |a [San José, Costa Rica], |c 2019. | ||
| 500 | |a Proyecto de graduación (licenciatura en ingeniería civil)--Universidad de Costa Rica. Facultad de Ingeniería. Escuela de Ingeniería Civil. | ||
| 501 | |a Directora de Proyecto de Graduación: Ing. Paola Vidal Rivera | ||
| 650 | |x ALCANTARILLADO - ALAJUELA (COSTA RICA) |x DESAGUES CLOACALES - ALAJUELA (COSTA RICA) | ||
| 700 | |9 2 |a Vidal Rivera, Paola Marcela 1979- |d Directora del TFG | ||
| 942 | |c CEDI |h TFG 8221 |6 TFG_8221_000000000000000 | ||
| 999 | |c 21733 |d 21733 | ||
